00358nam a2200145Ia 4500008004100000020001500041041000800056082001800064100002600082245004300108250000600151260003900157300000800196650000800204210716s2005 xx 000 0 und d a0761933689 aeng a658.4013 MUKM aMukhopadhyay, Marmar. aTotal quality management in education. a2 aNew DelhibSage Publicationsc2005 a225 aTQM